000 00261nam a2200097Ia 4500
001 1146279
005 20250827010248.0
008 250824s9999 xx 000 0 und d
245 0 _aYILDIZ MASALI
_cNURİ SAĞLAM
260 _bMİLLİ EĞİTİM BAKANLIĞI YAYINLARI
999 _c1146279
_d1146279